000 00433nam a22001337a 4500
082 _a624.18341
_bPRO
_cL-19, P-93
100 _aLin, T.W
_943262
245 _aProceeding of the western conferences on prestressed concrete building /
_cT.W Lin
260 _aNew York :
_bGordon & Breach Science Publishers Inc,
_c1962.
300 _axii, 322 p. :
526 _a0
_b0
_c0
_d624_183410000000000_PRO
650 _aMCE
_9379
942 _2ddc
_cBK
999 _c547073
_d547073